Український патріот з династії Габсбургів (Запис № 579681)

МАРК-запис
000 -Лідер
fixed length control field 00853 a2200217 4500
003 - Ідентифікатор контрольного номера
control field UA-OsUOA
005 - Дата та час останнього входження (трансакції)
control field 20260304103957.0
008 - Елементи даних фіксованої довжини – загальна інформація
fixed length control field 260218b un ||||| |||| 00| 0 ukr d
040 ## - Джерело каталогізації
Мова каталогізації ukr
Агенція, яка здійснювала перезапис UA-OsUOA
080 ## - Індекс Універсальної десяткової класифікації
Індекс Універсальної десяткової класифікації (УДК) (НП) 94(477-25):929
090 ## - Локальний шифр розміщення
Класифікаційний індекс УДК 94(477-25):929
Авторський знак (НП) Т35
100 ## - Основне введення – ім’я особи
Ім’я особи (НП) Терещенко Ю.
9 (RLIN) 23217
245 ## - Відомості про назву
Назва (НП) Український патріот з династії Габсбургів
Решта назви (НП) науково-документальне видання
Дані про відповідальність (НП) Ю. Терещенко, Т. Осташко
260 ## - Публікація, розповсюдження і т.п. (Вихідні дані)
Місце публікації, розповсюдження і т.п. (П) К.
Ім’я/ наймення видавництва, розповсюджувача і т.п. (П) Темпора
Дата публікації, розповсюдження і т.п. (П) 2008
300 ## - Фізичний опис
Обсяг 382 с.
Інші фізичні характеристики (НП) іл.
650 ## - Додаткове предметне введення – тематичний термін
Тематичний термін чи географічна назва, як елемент введення (НП) 94(477) Історія України
9 (RLIN) 40
700 1# - Додаткове введення – ім'я особи
Ім’я особи (НП) Осташко Т.
9 (RLIN) 19695
942 ## - Додаткові елементи входу (Коха)
Тип елемента Koha Книги
Source of classification or shelving scheme Universal Decimal Classification
955 ## - Код типу видання за змістом
Код типу видання за змістом (НП) Наукові видання
Фонди
Стан вилучень Стан втрат Джерело класифікації або схеми стелажів Стан уражень Не для кредиту Код колекції Постійне місце розташування Поточне розміщення Дата придбання Джерело придбання Вартість, звичайна ціна покупки Усього замовленно Повний номер виклику Штрих-код Дата останнього перегляду Вартість, ціна заміни Ціна ефективна від Тип елемента Koha
    Universal Decimal Classification     Колекція Шевчука Валерія АБ - Абонемент НБ АБ - Абонемент НБ 18/02/2026 №05/16.02.2026 75.00   94(477-25):929 Т35 169350 18/02/2026 75.00 18/02/2026 Книги